« Retourner aux résultats de recherche
Simón de la montaäna
| Auteur principal: | Federico Luis |
|---|---|
| D'autres auteurs: | Tomas Murphy Agustin Toscano Hernan Gonzalez Villamil Lorenzo Ferro Camila Hirane Laura Nevole Pehuen Pedre Kiara Supini |
| Support: | DVD |
| Langue: | Espagnol |
| Genre: |
Film |
| Sujets: | |
| Étiquettes: |
Ajouter
Pas de Tags !
|
| LEADER | 01386ngm0a2200277 450 | ||
|---|---|---|---|
| 001 | 16848133 | ||
| 100 | |a 20250829d2025 u u0frey01 ba | ||
| 101 | 0 | |a spa | |
| 102 | |a AR | ||
| 200 | 0 | |a Simón de la montaäna |f Federico Luis, réal. |g Hernan Gonzalez Villamil, comp. - Federico Luis, Tomas Murphy, Agustin Toscano, scénario - Lorenzo Ferro, Camila Hirane, Laura Nevole, Pehuen Pedre, Kiara Supini, Agustin Toscano, ... [et al.] act. | |
| 207 | 1 | |a | |
| 215 | |a 1 DVD vidéo monoface zone 2 (1 h 38 min) |c 16/9, coul. (PAL), son. (Dolby digital 5.1) | ||
| 300 | |a Langues principales : espagnol; Sous-titres : français | ||
| 330 | |a Simón a 21 ans et vit en Argentine. Depuis peu, il fréquente une nouvelle bande d'amis inattendue. Auprès d'eux, pour la première fois, il a le sentiment d'être lui-même. Mais son entourage s'inquiète et ne le reconnaît plus. Et si Simón voulait devenir quelqu'un d'autre ? | ||
| 700 | 0 | |a Luis |b Federico |4 370 | |
| 702 | 0 | |a Murphy |b Tomas |4 690 | |
| 702 | 0 | |a Toscano |b Agustin |4 690 | |
| 702 | 0 | |a Gonzalez Villamil |b Hernan |4 230 | |
| 702 | 0 | |a Ferro |b Lorenzo |4 5 | |
| 702 | 0 | |a Hirane |b Camila |4 5 | |
| 702 | 0 | |a Nevole |b Laura |4 5 | |
| 702 | 0 | |a Pedre |b Pehuen |4 5 | |
| 702 | 0 | |a Supini |b Kiara |4 5 | |
| 900 | |a Film | ||
| 901 | |a Accessible au prêt | ||
| 995 | |a Bibliothèque |c Bibliothèque |f 00156011890027 |h 00156011890027 |k F LUI |o p |q a |r gd |e Bibliothèque | ||
